000 01580nam a22003377a 4500
005 20240530110439.0
008 150416s2009 ua g b 000 0dara d
017 _a2009/10376
_bمصر . دار الكتب المصرية
020 _a9789774792590
040 _aEG-CaGPL
082 0 4 _221
_a214.2\
_bب أ
100 1 _aبوسه ، هيربرت
_qهيربرت بوسه
245 1 0 _aاسس الحوار فى " القرآن الكريم " :
_bدراسة فى علاقة الاسلام باليهودية والمسيحية /
_cتاليف هيربرت بوسه ؛ ترجمة احمد محمود هويدى ؛ مراجعة عمر صابر عبدالجليل ؛ تصدير محمد خليفة حسن
250 _aط2
260 _aالقاهرة :
_bالمركز القومى للترجمة ،
_c2009 .
300 _a226 ص ؛
_c24 سم
490 0 _aالمشروع القومى للترجمة ؛
_v2/906
504 _aببليوجرافية : ص 216 - 223
650 0 4 _aالكعبة
650 0 4 _aالمسيحية
_xقصص
650 0 4 _aقصص الانبياء
650 0 4 _aالاسلام واليهودية
650 0 4 _aالاسلام والمسيحية
651 0 4 _aشبه الجزيرة العربية
_xالحياة الدينية
651 0 4 _2شبه الجزيرة العربية
_xالحياة السياسية
700 0 _aاحمد محمود هويدى
_eمترجم
700 0 _aعمر صابر عبدالجليل
_eمراجع
700 0 _aمحمد خليفة حسن
_eمصدر
942 _2ddc
_cBK
999 _c61004
_d61004